000 00480nam a2200121Ia 4500
008 220620s9999||||xx |||||||||||||| ||und||
100 _aLi-Fang Chou||Liang-Feng Lin
245 0 _aLow Carbon Policy and Development in Taiwan
546 _aEnglish[eng]
650 _aEngineering||Physical Sciences||Engineering and Technology||Ecological Engineering||Environmental Engineering
856 _uhttps://www.intechopen.com/books/low-carbon-policy-and-development-in-taiwan
942 _cEB
999 _c24291
_d24291